|
|
|
|
| LEADER |
00000nam0a2200000 4500 |
| 001 |
88184 |
| 005 |
20231031102535.0 |
| 010 |
|
|
|a 1851668136
|
| 035 |
|
|
|a (RuTPU)RU\TPU\book\94664
|
| 090 |
|
|
|a 88184
|
| 100 |
|
|
|a 20051222d1990 k y0engy50 ba
|
| 101 |
0 |
|
|a eng
|
| 102 |
|
|
|a US
|
| 105 |
|
|
|a a z 100zy
|
| 200 |
1 |
|
|a Metallurgical Coatings and Thin Films
|e proceedings of the 17th International Conference on Metallurgical Coatings and 8th International Conference on Thin Films, San Diego, CA, U.S.A., April 2-6, 1990
|v Vol. 1
|
| 210 |
|
|
|a New York
|c Elsevier applied science
|d 1990
|
| 215 |
|
|
|a 1099 p.
|c il.
|
| 610 |
1 |
|
|a металлургия
|
| 610 |
1 |
|
|a физика
|
| 610 |
1 |
|
|a покрытия
|
| 610 |
1 |
|
|a металлы
|
| 610 |
1 |
|
|a слои
|
| 610 |
1 |
|
|a алмазные пленки
|
| 610 |
1 |
|
|a кристаллы
|
| 610 |
1 |
|
|a угольные пленки
|
| 610 |
1 |
|
|a получение
|
| 610 |
1 |
|
|a плазменные технологии
|
| 610 |
1 |
|
|a коррозия
|
| 610 |
1 |
|
|a микроструктура
|
| 610 |
1 |
|
|a защитные слои
|
| 610 |
1 |
|
|a конференции
|
| 610 |
1 |
|
|a США
|
| 675 |
|
|
|a 669:53(063)
|v 3
|
| 675 |
|
|
|a 539.216.2(063)
|v 3
|
| 675 |
|
|
|a 539.23(063)
|v 3
|
| 712 |
1 |
2 |
|a Metallurgical Coatings and Thin Films
|b proceedings of the International Conference on Metallurgical Coatings and International Conference on Thin Films
|d 17
|e San Diego
|f 1990
|
| 801 |
|
1 |
|a RU
|b 63413507
|c 20051222
|g PSBO
|
| 801 |
|
2 |
|a RU
|b 63413507
|c 20060113
|g PSBO
|
| 942 |
|
|
|c BK
|